Tenancy deposits consultation launched (Record no. 71660)

MARC details
000 -LEADER
fixed length control field 01174cam a2200193 4500
001 - CONTROL NUMBER
control field WB3844-15
008 - FIXED-LENGTH DATA ELEMENTS--GENERAL INFORMATION
fixed length control field 021128n2002 000 0 eng u
035 ## - SYSTEM CONTROL NUMBER
System control number (Sirsi) u120605
245 ## - TITLE STATEMENT
Title Tenancy deposits consultation launched
260 ## - PUBLICATION, DISTRIBUTION, ETC.
Date of publication, distribution, etc. 2002
490 ## - SERIES STATEMENT
Series statement ODPM News Release
Volume/sequential designation (125) 28 November 2002, (3)
520 ## - SUMMARY, ETC.
Summary, etc. "Tenancy money: probity and protection" consultation paper has been published to investigate whether resolution of disputes between private landlords and tenants over tenency deposits should become subject of statutory regulation. Considers how letting agents treat clients' money, measures to improve deposit management, mandatory deposit protection schemes in other countries, and outcome of a pilot tenancy deposit scheme managed by Independent Housing Ombudsman. Copies of consultation paper obtainable from t +44 (0)870 1226 236 or download from www.housing.odpm.gov.uk/information/consult/tenancydeposit/index.htm ODPM News Release www.odpm.gov.uk/news/0211/0125.htm
590 ## - LOCAL NOTE (RLIN)
Local note WB
650 ## - SUBJECT ADDED ENTRY--TOPICAL TERM
Topical term or geographic name entry element TENANCY DEPOSIT SCHEME (TDS)
650 ## - SUBJECT ADDED ENTRY--TOPICAL TERM
Topical term or geographic name entry element DEPOSITS
650 ## - SUBJECT ADDED ENTRY--TOPICAL TERM
Topical term or geographic name entry element LETTING AGENTS
690 ## - LOCAL SUBJECT ADDED ENTRY--TOPICAL TERM (OCLC, RLIN)
Topical term or geographic name as entry element PROPERTY-LANDLORD AND TENANT
942 ## - ADDED ENTRY ELEMENTS (KOHA)
Suppress in OPAC 0
Holdings
Withdrawn status Lost status Source of classification or shelving scheme Damaged status Not for loan Home library Current library Shelving location Date acquired Total Checkouts Full call number Barcode Date last seen Copy number Price effective from Koha item type
    Dewey Decimal Classification     London London News article 28/11/2002   WB3844-15 120605-1001 06/08/2019 1 06/08/2019 News article